banner-ar

ENVIRONMENTAL SCIENCE: MANAGING BIOLOGICAL AND PHYSICAL RESOURCES / (Record no. 16772)

MARC details
000 -الفاتح
حقل البيانات ثابتة الطول 00518nam a2200181Ia 4500
008 - عناصر البيانات ثابتة الطول - معلومات عامة
حقل البيانات ثابتة الطول 140319s9999 xx 000 0 eng d
040 ## - مصدر الفهرسة
وكالة الفهرسة الأصلية GCL /
وكالة النسخ GCL
082 04 - رقم تصنيف ديوى العشرى
رقم التصنيف 375.0083
رقم المادة M E
100 1# - المدخل الرئيسى - إسم شخصى
الإسم الشخصى MORGAN, EILEEN
245 10 - بيان العنوان
العنوان ENVIRONMENTAL SCIENCE: MANAGING BIOLOGICAL AND PHYSICAL RESOURCES /
بيان المسئوليه,etc MORGAN, EILEEN
700 1# - المدخل الاضافى - اسم شخصى
الإسم الشخصى MORGAN, MICHAEL D.
700 1# - المدخل الاضافى - اسم شخصى
الإسم الشخصى MORAN, JOAEPH M.
260 ## - PUBLICATION, DISTRIBUTION, ETC. (IMPRINT)
تاريخ النشر أو التوزيع 1993
650 04 - المدخل الاضافى بالموضوع-مصطلح موضوعى
مصطلح موضوعي ENVIRONMENT
650 04 - المدخل الاضافى بالموضوع-مصطلح موضوعى
مصطلح موضوعي BIOLOGY
942 ## - عناصر المدخل الإضافي( كوها)
مصدر التصنيف او مخطط الترفيف Dewey Decimal Classification
Koha [default] item type كتاب
260 ## - PUBLICATION, DISTRIBUTION, ETC. (IMPRINT)
-- [S.N] :
-- WM. C. BROWN PUBLISHERS ،
Holdings
حالة التراجع حالة الفقد حالة تلف ليس للاعارة المكان المؤقت الموقع الحالى تاريخ الاكتساب اجمالي اﻻعارات رقم الطلب الباركود تاريخ اخر مشاهدة تاريخ تفعيل السعر نوع وعاء كوها
        مكتبة القاهرة الكبرى مكتبة القاهرة الكبرى 03/26/2014   375.0083\M E 30326 03/26/2014 03/26/2014 كتاب
        مكتبة القاهرة الكبرى مكتبة القاهرة الكبرى 03/26/2014   375.0083\M E 30327 03/26/2014 03/26/2014 كتاب
        مكتبة القاهرة الكبرى مكتبة القاهرة الكبرى 03/26/2014   375.0083\M E 30328 03/26/2014 03/26/2014 كتاب

Powered By

EGPV